[Event "RUS-ch"]
[Site "Krasnodar"]
[Date "2002.08.28"]
[Round "2"]
[White "Dashko, Andrey"]
[Black "Jakovenko, Dmitrij"]
[Result "0-1"]
[WhiteElo "2401"]
[BlackElo "2552"]
[Annotator "Ribli,Z"]
[PlyCount "70"]
[EventDate "2002.08.27"]
[EventType "swiss"]
[EventRounds "9"]
[EventCountry "RUS"]
[SourceTitle "CBM 091"]
[Source "ChessBase"]
[SourceDate "2002.11.12"]
[SourceVersion "1"]
[SourceVersionDate "2002.11.12"]
[SourceQuality "1"]

1. e4 c5 2. Nf3 e6 3. d4 cxd4 4. Nxd4 Nc6 5. Nc3 Qc7 6. Be3 a6 7. Bd3 {Das ist
eine prinzipielle Variante: Weiß möchte mit kurzer Rochade und mit f2-f4
angreifen. Interessant ist, dass heutzutage dieser Läuferzug weniger populär
ist als die Mode-Variante 7.Qd2.} Nf6 8. O-O b5 9. f4 {Dieser Zug scheint mir
ein wenig zu früh.} (9. Nxc6 Qxc6 10. a3) (9. Qe2 Bb7 10. a3) (9. Kh1) 9... Bc5
$1 {Dieser logische Zug ist die beste Möglichkeit für Schwarz.} (9... Nxd4 10.
Bxd4 Bc5 11. Bxc5 Qxc5+ 12. Kh1 Bb7 13. Qe2 b4 14. Nb1 d5 15. e5 Ne4 16. Nd2
Nxd2 17. Qxd2 O-O 18. f5 exf5 19. Rxf5 Rae8 20. Rh5 h6 21. Rxh6 {1-0 Forster,
R-Larsen,B/Zuerich 1998/EXT 99 (29)}) 10. Nf5 {10.Be2? ist schlecht wegen 10...
Qb6.} (10. Nce2 Ng4 11. Qd2 g5 (11... Nxe3 12. Qxe3 Nxd4 13. Nxd4 e5 14. fxe5
Qxe5 15. c3 d6) 12. c3 Nxe3 13. Qxe3 gxf4 14. Nxf4 Qd6 15. e5 Qxe5 16. Qf3 Bb7
17. Rae1 Nxd4 18. Qxb7 Nf3+ 19. Kh1 Nxe1 20. Qxa8+ Ke7 {0-1 Astengo,
C-Jakovenko,D/Valle d'Aosta ITA 2002/(42)}) 10... Ne7 $5 {Dieser Zug gewinnt
eigentlich eine Figur, aber Weiß bekommt gefährliche Angriffschancen.} (10...
Bxe3+ 11. Nxe3 b4 (11... d6 $5) 12. Na4 Qa7 13. Qf3 Bb7 14. Kh1 Nd4 15. Qg3
Nxe4 16. Qxg7 O-O-O 17. Nc4 {1-0 Ziatdinov,R-Perdomo,C/Castellar 1996/EXT 99 
(31)}) 11. Nxg7+ (11. Nd4 Qb6 12. Nce2 Bb7) 11... Kf8 12. Bxc5 Qxc5+ 13. Kh1
Kxg7 {Das ist noch alle Theorie.} 14. e5 Ne8 {In der Variante 8...Ne5 (statt 8.
..b5), wenn Weiß 9.h3 spielt mit der Folge 9...Bc5 10.f4, bekommen wir eine
ähnliche Stellung wie in der Partie nach 10...Nc6 11.Nf5 Ne7 12.Nxg7+ Kf8 13.
Bxc5 Qxc5 14.Kh1 Kxg7 15.e5 Ne8. Der Unterschied ist wichtig - dort hat Weiß
den Zug h2-h3 gemacht (keine große Bedeutung), aber der Zug b7-b5 wurde von
Schwarz noch nicht gespielt!} (14... Nfd5) 15. Qh5 $6 {Es wäre logischer
zuerst den Springer - mit Tempo - nach e4 zu spielen, aber auch in diesem Fall
könnte Schwarz den Angriff abwehren.} (15. Ne4 Qb6 (15... Qc7 16. Qh5 Ng6 17.
Nf6 {Jetzt droht 18.Qxh7+!} Bb7 18. f5 d6 $4 (18... exf5 19. Rxf5 d6 20. Raf1
dxe5 21. Ng4 Bd5 $17) 19. fxe6 $1 Nxe5 (19... fxe6 20. Nxh7 $1 $18) 20. Qg5+
Ng6 (20... Kf8 21. Nd7+ $18) 21. Nh5+ Kf8 22. Rxf7+ {1-0 Nikitin,A-Taimanov,M/
Elista RUS 2002/(22)}) 16. Qh5 (16. Qg4+ Ng6 17. h4 Qd8 $1 18. Ng5 f5 (18... h6
19. Nf3 Bb7 20. h5 Bxf3 21. Qxf3 Ne7) 19. exf6+ Nxf6 20. Qf3 Rb8 21. h5 Bb7 22.
Qh3 Ne7 23. f5 h6 $2 (23... e5 24. Qg3 Kf8 25. Qxe5 Nc6) 24. Qg3 {1-0 Heidrich,
M-Darga,K/GER 1978/EXT 99/[RR] (26)}) 16... h6 17. Rf3 Nf5 18. Rh3 Rg8 19. g4
$2 (19. Nf6 $5) 19... Kf8 $1 20. gxf5 exf5 {[%csl Rh1] Es ist interessant -
plötzlich befindet sich der weiße König in großer Not.} 21. e6 dxe6 22. Qxh6+
Ke7 23. Qh4+ f6 {0-1 Fedorchuk,S-Jakovenko,D/Yerevan 2000/CBM 78 ext (33)})
15... d5 $1 {[%csl Rc3][%mdl 256] Nachdem Weiß 16.Ne4 noch nicht gespielt hat,
verhindert Schwarz diese Möglichkeit. Nach dem Textzug wird der Nc3 nicht mehr
am weißen Angriff teilnehmen.} (15... h6 16. Ne4 Qb6 17. Rf3 $40) 16. Rf3 {
[%cal Gf3g3,Gg3g7] 16.exd6 ep. geht nicht, weil dann die Dame auf h5 hängt.
Nach meiner Meinung ist ohne den Nc3 der weiße Angriff wenig effektiv.} h6 {
[%cal Gg7f8] Schwarz lässt den Springer auf e7 und bereitet den Zug Kf8 vor.} (
16... Ng6 $5) 17. f5 (17. Rg3+ Kf8 $17) 17... exf5 (17... Nxf5 $2 18. g4 $40)
18. g4 Kf8 $1 $17 {[%cal Ge8g7] Schwarz verlässt die Gefahrenzone und bereitet
den Zug 19...Ng7 vor.} 19. gxf5 Ng7 20. Qh4 (20. Qh3 d4 21. Ne4 Qxe5 $19) 20...
Ngxf5 $1 (20... Bxf5 {Dieser Zug wäre auch nicht schlecht.} 21. Bxf5 Nexf5 22.
Qf6 Rg8 23. Rxf5 Nxf5 24. Qxf5 d4 25. Rf1 Ra7 26. Ne4 Qxc2 $17) 21. Qf6 (21.
Bxf5 Bxf5 (21... Nxf5 $2 22. Qd8+ Kg7 23. Qf6+ Kh7 24. Qxf7+ Ng7 25. Nxd5 $18)
22. Qf6 Rh7 23. Rxf5 Nxf5 24. Qxf5 Rg7 $17) 21... Rg8 22. Bxf5 (22. Raf1 Rg7
23. Bxf5 Bxf5 24. Rxf5 Nxf5 25. Qxf5 d4 26. Ne4 Qxc2 $17) 22... Nxf5 $1 23.
Qd8+ Kg7 24. Qf6+ (24. Rg1+ $4 Qxg1+ $19) 24... Kh7 25. Rxf5 Rg6 $1 {Statt der
Annahme der Qualität opfert Schwarz selbst einen Bauern und bekommt dafür
deutlichen Angriff.} (25... Bxf5 26. Qxf5+ Rg6 27. Qxf7+ Rg7 28. Qxd5 $132) 26.
Qxf7+ Rg7 27. Qh5 (27. Qf8 Qxf8 28. Rxf8 Bb7 29. Rf4 d4+ 30. Ne4 Re8 $19 (30...
Rf8 31. Rh4 Re8 $19)) 27... Bb7 $40 {[%csl Gb7,Rh1][%cal Gg7g1,Rb7h1][%mdl 128]
Der weiße König steht im Mattnetz - hier ist guter Rat schon teuer.} 28. Re1
Rag8 {Droht 29...d4+ 30.Ne4 Bxe4+ 31.Rxe4 Rg1#.} (28... d4+ 29. Ne4 Rag8 30.
Qf3 $17) 29. Rf7 d4+ 30. Ne4 $2 (30. Rxb7 $142 $1 Qc6+ 31. Ne4 Rxb7 32. Qf5+
Kh8 33. Qf6+ Qxf6 34. Nxf6 $17) 30... Bxe4+ 31. Rxe4 d3 $19 {Droht jetzt 32...
Qg1#.} (31... Qxc2 $2 32. Rxg7+ Rxg7 33. Qf5+ $11) 32. Qf5+ Kh8 33. Rxg7 Rxg7
34. Rd4 Qc6+ (34... Qxd4 35. Qf8+ Kh7 36. Qf5+ Kg8 37. Qe6+ (37. Qc8+ Kf7 38.
Qf5+ Ke8 $19) 37... Rf7 $19) 35. Re4 dxc2 0-1

[Event "Recklinghausen"]
[Site "Recklinghausen"]
[Date "1997.??.??"]
[Round "8"]
[White "Mainka, Romuald"]
[Black "Bischoff, Klaus"]
[Result "0-1"]
[WhiteElo "2520"]
[BlackElo "2535"]
[Annotator "Ribli,Z"]
[PlyCount "56"]
[EventDate "1997.07.??"]
[EventType "tourn"]
[EventRounds "9"]
[EventCountry "GER"]
[EventCategory "8"]
[SourceTitle "CBM 060 Extra"]
[Source "ChessBase"]
[SourceDate "1997.11.04"]
[SourceVersion "1"]
[SourceVersionDate "1997.11.04"]
[SourceQuality "1"]

1. e4 c5 2. Nf3 e6 3. d4 cxd4 4. Nxd4 Nc6 5. Nc3 Qc7 6. Be3 a6 7. Bd3 {Eine
für Schwarz gefährliche Variante. Der Übergang in die Scheweninger Variante
mit d7-d6 wäre vorteilhaft für Weiß, weil er statt Be2 das viel aktivere Bd3
ausgeführt hat.Ribli.} Nf6 8. O-O h5 {Ein origineller Zug. Schwarz verzichtet
zugunsten von taktischen Gegenchancen auf die Möglichkeit, kurz zu rochieren.
Meiner Meinung nach ist dieser ganze Plan zweifelhaft, in unserer Partie
funktioniert er aber sehr gut.} (8... b5) (8... Ne5 9. h3 (9. Be2 Bc5 (9... b5
10. f4 Nc4) 10. f4 d6 $5) 9... Bc5 10. f4 d6 $5) (8... Nxd4 9. Bxd4 Bc5 10.
Bxf6 (10. Bxc5 Qxc5 {Weiß besitzt Entwicklungsvorsprung, die schwarze Stellung
ist jedoch verteidigungsfähig.}) 10... gxf6 11. Qh5 $13 {Nach 8...h5 und 9.h3
wäre dieser Zug nicht möglich.}) 9. h3 (9. Nxc6 Ng4 10. e5 bxc6 11. Bf4 Nxe5
12. Re1 Bd6 13. Ne4 Be7 14. Qe2 f6 15. c4 c5 16. Ng3 h4 17. Bxe5 Qxe5 18. Qf3
Qb8 19. Nh5 Kf7 20. Bg6+ {1-0 Mariasin,B-Zalkind,K/ISR-ch Jerusalem 1996 (36)})
9... Nxd4 (9... b5 10. Nxc6 (10. a3 Bb7 11. Qe1 (11. Qe2 h4 12. f4 Nh5 13. Qf2
Be7 14. Rad1 Rc8 15. e5 Ng3 16. Rfe1 Nxd4 17. Bxd4 Bc5 18. Rd2 Bxd4 19. Qxd4
Qc5 20. Qxc5 Rxc5 {0-1 Agnos,D-Miladinovic,I/Ano Liosia op 1995 (40)}) 11...
Rc8 12. f4 Nxd4 13. Bxd4 Bc5 14. Bxc5 Qxc5+ 15. Kh1 d6 16. Qh4 Kf8 {1-0 Mainka,
R-Miladinovic,I/Ano Liosia op 1995 (43)}) 10... Qxc6 11. a3 Bb7 12. Re1 Bd6 13.
Bd4 e5 14. Be3 b4 15. axb4 Bxb4 16. Bd2 {Topalov,V-Miladinovic,I/Elenite 1995/
CBM 50/[Topalov]/1-0 (51)}) (9... Bd6 10. Re1 $1 Bh2+ 11. Kh1 Nxd4 (11... Be5
12. Nxc6 Qxc6 13. Bd2 h4 14. Qe2 Kf8 15. Nd1 b5 16. Bg5 {1-0 Karabelas,
V-Dorfanis,I/GRE-chT Athens 1996 (38)}) 12. Bxd4 Be5 13. Bxe5 Qxe5 14. Qd2 g5
15. Nd5 $1 {+/- Prie,E-Miladinovic,I/Yerevan (ol) 1996 (17)}) 10. Bxd4 Bc5 11.
Be2 (11. Bxc5 {Dieser Zug erscheint mir logischer als die Partiefortsetzung.
Das Problem von Weiß ist, daß Schwarz nach f2-f4 durch h4-Nh5 Gegenspiel
bekommt.} Qxc5 12. Na4 (12. Qf3 h4 $1 (12... d6 13. Qg3 g5 14. Na4 Qa5 15. b3
Ke7 16. f4 Rg8 {1-0 Golubev,M-Zvjaginsev,V/Loosdorf op 1993 (50)}) 13. Rad1 d6
$13 {Golubev}) (12. Qd2 d6 13. a4 Bd7 14. a5 Rc8 {1/2-1/2 Motwani,P-Gheorghiu,
F/Thessaloniki olm 1988}) 12... Qc6 13. c4 d6 14. Nc3 e5 15. Nd5 Be6 16. b4
Bxd5 17. exd5 Qb6 18. Qd2 a5 19. a3 axb4 20. axb4 O-O 21. Rab1 Ra3 22. Rfd1
Rfa8 23. c5 dxc5 24. bxc5 Qxc5 25. d6 e4 {1/2-1/2 Kindermann,S-Movsesian,S/
GER-ARM 1996/CBM 55}) 11... d6 (11... Qd6 12. Bxc5 (12. Bxf6 Qxd1 13. Rfxd1
gxf6 {[%csl Gc5]} 14. Na4 $1 d6 (14... Ba7 15. c4) 15. Nxc5 dxc5 16. Rd3 Bd7
17. Rc3 Rc8 18. h4 Ke7 19. Rd1 Rc7 {1/2-1/2 Gonzalez Diaz,D-Paunovic,D/Aceimar
op 1995/EXT 95op2 (31)}) 12... Qxc5 13. Qd3 b5 14. Qg3 Bb7 {1/2-1/2 Kulaots,
K-Miezis,N/Riga zt 1995/CBM 47/[Ribli] (51)}) 12. Bxf6 $6 {Weiß spielt
konsequent, aber der ganze auf Bauerngewinn angelegte ist verdächtig. Schwarz
bekommt -meiner Meinung nach- mehr als Kompensation für den Bauern.Ribli.} gxf6
13. Bxh5 b5 $44 {Schwarz hat einen klaren Plan: Bb7, lange Rochade oder Ke7
und Rag8, mit starkem positionellen Druck. Wie im Wolga-Gambit gibt es noch
nichts Konkretes für den Bauern, aber der Nachziehende hat einen vorgegebenen
Plan.} 14. Bg4 (14. Bf3 Bb7 15. a4 b4 16. Ne2 $5) 14... Bb7 15. Qd3 Ke7 {
Der schwarze König fühlt sich wohl im Zentrum.} (15... O-O-O $2 16. Nd5 $16 (
16. a4 b4 17. Nd5 $16)) 16. Rad1 Rag8 {[%csl Rg1][%cal Gg8g1,Gh8h1] Es gibt
zwar noch nichts Konkretes am Königsflügel, aber alle schwarzen Figuren stehen
aktiv.} 17. Qe2 {In einigen Varianten droht Rxg4, daher verteidigt Weiß seinen
Bg4.} (17. a4 Rxg4 $2 {Die Hauptidee ist gut, aber ihre Ausführung wäre
verfrüht.Ribli.} (17... b4 $5 18. Ne2 Rxg4 (18... f5 19. exf5 d5 $13) 19. hxg4
d5 20. g3 dxe4 21. Qb3 e3 22. f3) 18. hxg4 d5 19. g3 dxe4 20. Nxe4 Bxe4 21.
Qxe4 Qxg3+ 22. Qg2) 17... Ba7 18. Rd3 (18. a3 {Die Idee von Weiß ist, zuerst
den schwarzen Raumgewinn am Damenflügel zu verhindern und später selbst diesen
Plan aufzugreifen.}) 18... b4 19. Nd1 a5 {[%cal Rb7a6,Ra6f1] Ein unerwartetes
Motiv - der weissfeldrige Läufer nimmt eine andere Diagonale ins Visier.} 20.
Ne3 $2 (20. Rd2 $5 Qc6 21. Re1) 20... Ba6 $15 21. c4 bxc3 22. Rxc3 Qxc3 (22...
Qb7 23. Qc2 $16 {[%cal Rc3c7]}) 23. Qxa6 (23. bxc3 Bxe2 24. Bxe2 Bxe3 25. fxe3
Rxh3 $17) 23... Qc7 24. Nc4 $2 (24. Qd3 $15) {[#]} 24... Rxg4 $1 {Diese kleine
Kombination entscheidet die Partie.} 25. hxg4 d5 {[%cal Rc7h2,Rd5c4]} 26. Nd6
$8 Bb6 $19 {[%csl Rd6] Der weiße Springer befindet sich in großer Not.} 27. e5
{Mit diesem Zug stopft Weiß die Diagonale b8-h2.} fxe5 28. Nb5 (28. Nb7 Rb8 $19
) 28... Qc6 {[%cal Rb6f2,Rh8a8] Und Weiß gab auf, denn es droht gleichzeitig
29...Ra8 und 29...Bxf2 mit Damengewinn.Ribli.} 0-1

[Event "Dos Hermanas-B"]
[Site "Dos Hermanas"]
[Date "2003.04.06"]
[Round "9"]
[White "Korneev, Oleg"]
[Black "Rodriguez Guerrero, Enrique"]
[Result "0-1"]
[WhiteElo "2613"]
[BlackElo "2450"]
[Annotator "Ribli,Z"]
[PlyCount "52"]
[EventDate "2003.03.28"]
[EventType "tourn"]
[EventRounds "9"]
[EventCountry "ESP"]
[EventCategory "10"]
[SourceTitle "CBM 095"]
[Source "ChessBase"]
[SourceDate "2003.07.25"]
[SourceVersion "1"]
[SourceVersionDate "2003.07.25"]
[SourceQuality "1"]

1. e4 c5 2. Nf3 e6 3. d4 cxd4 4. Nxd4 Nc6 5. Nc3 Qc7 6. Be3 a6 7. Bd3 {Mann
kann sagen, dass dieser Zug früher die ehemalige Hauptvariante war, aber
heutzutage ist die Fortsetzung 7.Qd2 deutlich popularer.} Nf6 8. O-O Nxd4 {
Dier Springertausch ist eine relativ seltene Fortsetzung - die Alternativen
sind 8...h5, 8...b5, 8...Bd6 und hauptsaechtlich 8...Ne5.} 9. Bxd4 Bc5 10. Bxc5
{Die andere Moeglichkeit waere 10.Bxf6 gxf6 11.Qg4 Kf8, was zu unklarem Spiel
fuehrt.} Qxc5 11. Kh1 {Mit dieser Fortsetzung bereitet Weiss den Zug 12.f4 vor,
aber die Alternative 11.Na4 - mit Spiel am Damenfluegel - kommt auch in
Betracht.} (11. Na4) 11... d6 (11... b5 12. Qe1 (12. Qd2 Bb7 13. Rae1 O-O 14.
f4 e5 $11) 12... Bb7 13. f3 d6 14. a4 $14) 12. f4 e5 13. fxe5 (13. Qd2 Be6 14.
b4 Qc7 15. a4 Rc8 16. Ra3 exf4 17. Rxf4 Nd7 18. Ne2 Ne5 19. Nd4 O-O {0-1
Suttles,D-Fuster,G/CAN 1963/EXT 98 (47)}) (13. f5 b5 14. g4 h6 15. a3 Bb7 16.
Qe2 d5 {0-1 Schneuwly,A-Gheorghiu,F/Ticino 1992/EXT 97 (26)}) (13. Qe1 $1 Be6
$5 (13... O-O 14. Qh4 (14. fxe5 Qxe5 15. Qh4 Be6 16. Rae1 Rae8 17. Re3 Qh5 18.
Qg3 Qe5 {1/2-1/2 Atakisi,U-Kilicaslan,H/Istanbul TUR 2002/(59)}) 14... exf4 15.
Nd5 $5 Nxd5 16. exd5 h6 (16... f5 17. Rae1 b5 18. Qxf4 Ra7 19. c4 bxc4 20. Bxc4
a5 21. b3 Raf7 22. Re2 Bd7 23. Rfe1 {1/2-1/2 Motylev,A-Kiseleva,N/Koszalin
1999/EXT 2000 (36)}) 17. Rad1 Bd7 18. Rxf4 Rae8 19. Rdf1 f5 20. Qh5 Re5 21. b4
Qe3 22. h3 Kh7 23. R1f3 Qe1+ 24. Rf1 Qe3 25. R1f3 Qe1+ 26. Rf1 {1/2-1/2
Efimenko,Z-Kritz,L/Hengelo 2001/CBM 83 ext (26)}) (13... exf4 14. Nd5 Ng8 15.
b4 Qc6 16. a4 Ne7 17. Ra3 Be6 18. Rc3 {1-0 Baklan,V-Hatanbaatar,B/Bled 2002/
EXT 2003 (37)}) 14. Rd1 (14. a3 exf4 15. Rxf4 Qe5 16. Rf3 Ng4 17. Rg3 Qc5 18.
h3 Ne5 {0-1 Gadjily,R-Nisipeanu,L/Dubai 2002/CBM 87 ext (50)}) 14... exf4 15.
Rxf4 Qe5 16. Qf2 Ng4 17. Qg3 h5 18. Rdf1 g5 19. R4f3 h4 20. Qxe5 Nxe5 {1/2-1/2
Gullaksen,E-Trygstad,K/Langesund 2001/CBM 82 ext (37)}) (13. Qe2 O-O 14. f5 Bd7
15. Bc4 b5 16. Bb3 Bc6 17. Rad1 Rac8 18. a3 a5 19. Bd5 b4 20. axb4 axb4 21.
Bxc6 bxc3 {1/2-1/2 Petrukhin,D-Vekshenkov,N/Novosibirsk 2001/CBM 82 ext (37)})
13... Qxe5 14. Nd5 Ng4 $1 {Auf diese Weise provoziert Schwarz den Zug 15.g3,
wonach der weisse Koenigsfluegel geschwaecht wird.} 15. g3 O-O $11 {Schwarz
hat eine bequeme Stellung - der d5N steht zwar stark, aber Schwarz
kontrolliert das e5-Feld.} 16. Be2 Nh6 {[%cal Gf7f5]} (16... Qxe4+ 17. Bf3 Qe5
18. c4 $44) 17. c3 Bh3 (17... Qxe4+ $2 18. Bf3 Qe5 19. Re1 Qg5 20. Ne7+ $16)
18. Rf4 Rae8 19. Rh4 $6 {[%csl Rh4][%mdl 16384] Weiss befragt den Bh3, aber
der Turm steht schlecht auf der h-Linie.} (19. Qd4 $11) (19. Qb3 $5 {[%cal
Ga1d1]}) 19... Bd7 {[%cal Gd7c6,Gc6h1]} 20. Bf3 Kh8 (20... f5 21. exf5 Nxf5 22.
Re4 Nxg3+ 23. hxg3 Qxg3 $132) 21. Rh5 f5 22. g4 $6 {Dieser Zug ist zu agressiv
und schwaecht die weisse Koenigsstellung.} (22. exf5 $142) 22... Bc6 $1 $15 {
[%cal Gc6h1]} 23. c4 (23. exf5 $2 Nxg4 $1 $19) 23... Qxb2 24. exf5 $2 (24. gxf5
Nf7 $17 {[%csl Ye5][%cal Gf7e5]}) 24... Bxd5 25. cxd5 Re3 $1 $17 {[%csl Ge3,
Rh1,Rh5][%cal Rf8e8,Re8e1][%mdl 128] Droht 26...Rxf3 und Turmverdoppelung auf
der e-Linie, der h5R steht dabei zu weit weg vom Hauptkriegsschauplatz.} 26.
Rb1 $6 (26. Rh3 Rfe8 27. Qg1 Nf7 28. Rg3 Ng5 $19) 26... Qf2 $19 (26... Qf2 27.
Rh3 (27. Bg2 Rfe8 $19) 27... Rfe8 $19) 0-1

[Event "EU-ch 2nd"]
[Site "Ohrid"]
[Date "2001.06.11"]
[Round "10"]
[White "Efimenko, Zahar"]
[Black "Miladinovic, Igor"]
[Result "1/2-1/2"]
[WhiteElo "2439"]
[BlackElo "2519"]
[Annotator "Ribli,Z"]
[PlyCount "64"]
[EventDate "2001.06.01"]
[EventType "swiss"]
[EventRounds "13"]
[EventCountry "YUG"]
[SourceTitle "CBM 084"]
[Source "ChessBase"]
[SourceDate "2001.09.13"]
[SourceVersion "1"]
[SourceVersionDate "2001.09.13"]
[SourceQuality "1"]

1. e4 c5 2. Nf3 Nc6 3. d4 cxd4 4. Nxd4 Qc7 5. Nc3 e6 6. Be3 a6 7. Bd3 {Das ist
die Hauptvariante der Paulsen-Variante. Weiß möchte mit f2-f4 zum Angriff
übergehen.} Nf6 8. O-O h5 {Diese - ein wenig ungewöhnliche Fortsetzung - ist
in jüngster zeit recht populär. Schwarz droht 9...Ng4. Im Falle von 9.h3 wird
das Feld g3 schwach, denn früher oder später spielt Weiß f2-f4. Ich möchte
darauf hinweisen, dass GM Miladinovic gern diese Fortsetzung wählt. Meiner
Meinung nach sind die Alternativen 8...b5, 8...Ne5, 8...Nxd4, 8...Bd6 ruhiger.}
9. h3 b5 {Damit haben wir eine ähnliche Stellung wie nach 8...b5, jedoch mit
den Zwischenzügen h5-h3.} 10. Nb3 (10. Nxc6 Qxc6 11. a3 Bb7 12. Re1 h4 13. Qf3
(13. Qd2 Rc8 (13... Be7 $5) 14. Rad1 b4 15. axb4 Bxb4 16. Bd4 Rh5 17. Qf4 Kf8 (
17... Be7) 18. Bxf6 gxf6 19. Qxf6 {1-0 Hansen,C-Miladinovic,I/Groningen 1997/
CBM 63 (41) Ribli}) (13. Bd4 Be7 14. Qe2 Kf8 15. Rad1 Rc8 16. b4 d6 {0-1
Reinaldo Castineira,R-Miladinovic,I/Dos Hermanas 2000/CBM 75 ext (38)}) 13...
Be7 14. Bd4 (14. Bg5 Qc5 15. Be3 Qc6 16. Bg5 Rc8 17. Rad1 Qc5 18. Be3 Qe5 19.
Bf4 Qh5 {0-1 Goldenberg,D-Miladinovic,I/Montreal 2000/CBM 79 (56)}) 14... Kf8
15. b4 Qc7 16. Nb1 Nh5 17. Nd2 Bf6 18. c3 Nf4 {1/2-1/2 Kotronias,V-Miladinovic,
I/Poros 1998/EXT 99 (36)}) 10... Ne5 {[%cal Ge5c4] Dieser Zug ist wichtiger
als das schablonenartige 10...Bb7. Denn darauf erwidert Weiß 11.f4 und beraubt
den schwarzen Springer des Feldes e5.} (10... h4 11. f4 Bb7 12. a3 d6 13. Qe1
Be7 14. Rd1 Rc8 15. Qf2 Nd7 16. e5 dxe5 17. f5 $36 {1/2-1/2 Ponomariov,R-Ye
Jiangchuan/Shenyang 2000/CBM 79 (49)}) (10... Bb7 11. f4 $14) 11. f4 Nc4 12.
Bd4 Nxb2 {Schwarz verbessert seine frühere Spielweise.} (12... Bb7 13. Qe2 h4
$5 14. a4 $1 $14 Nxb2 15. axb5 Nxd3 16. cxd3 axb5 17. Nxb5 Qd8 18. Qe3 Rxa1 19.
Rxa1 Be7 20. Bb6 $16 {0-1 Hector,J-Miladinovic,I/Malmo 1998/CBM 66/[Ribli] (41)
}) 13. Nxb5 axb5 14. Bxb2 Bb7 (14... b4) 15. Qe2 (15. e5 Nd5 $15) 15... Ra4 {
Schwarz kümmert sich nicht um die Verteidigung des Pb5, sein Angriffspunkt ist
der Pe4.} (15... Ba3 16. Bxf6 gxf6 17. Bxb5 $16) (15... b4) 16. Bd4 (16. e5 Nd5
$13 {[%csl Gd5]}) 16... h4 {[%csl Yg3][%cal Gf6h5,Gh5g3]} (16... b4 $5) 17. c3
(17. Bxb5 Rxd4 18. Nxd4 Bc5 19. c3 Nxe4 $44 {Die schwarzen Leichtfiguren
stehen ausgezeichnet, aber Weiß hat eine Qualität mehr. Ich bin mir keineswegs
sicher, ob die schwarze Kompensation hier ausreichend ist.}) 17... Ra8 {
Wenn Schwarz schon so spielen muss, heißt das nur, dass seine Strategie nicht
von Erfolg gekrönt war. Der schwarze König steht noch in der Mitte. Zudem hat
Schwarz mit Ra4-Ra8 zwei Tempi verloren. Weiß hingegen verfügt über ein
starkes Zentrum.} (17... Nh5 $5 {[%cal Rh5g3,Rg3e2,Rg3f1,Rh5f4]}) 18. Qe3 $14 (
18. Bxf6 gxf6 19. Bxb5 Rg8 $132 (19... Qxc3 20. Rfd1 $16)) 18... Rh6 {[%cal
Gh6g6,Gg6g3] Es ist etwas ungewöhnlich, dass Schwarz so viele Turmzüge macht.
Die Idee dieses Zuges ist Rg6-Rg3.} 19. Nd2 {[%csl Rb5][%cal Gd2f3,Gf3h4] Weiß
verteidigt den Pe4. Jetzt hängt schon der Pb5, und der Nd2 kann später nach f3
ziehen.} (19. Bxf6 gxf6 20. Bxb5 Rg6 $132 {[%cal Gg6g3]}) 19... Nh5 $6 {
Schwarz gibt den Pb5 auf und setzt auf Gegenspiel am Königsflügel.} (19... Bc6
20. Rfb1 Nh5 21. e5 $14) 20. Bxb5 $16 {[%mdl 1024] Meines Erachtens hat
Schwarz keine Kompensation für den Bauern. Die Realisierung des weißen
Materialvorteils ist angesichts der schwarzen Aktivität am Damenflügel nicht
leicht, aber das schwarze Gegenspiel scheint mir ungefährlich.} Rg6 21. Rf3 (
21. Bb6 $16) 21... Rg3 (21... Ng3) 22. Rxg3 Nxg3 23. a4 (23. Bb6 $16) 23... Bc6
24. c4 $6 (24. Bxc6 Qxc6 25. a5 $16) 24... Bb4 $1 {[%csl Gb4] Droht 25...Bxd2
nebst Eroberung des Pe4.} (24... Qxf4 25. Qxf4 Ne2+ 26. Kh2 Nxf4 27. a5 $14)
25. Nf3 (25. e5 $2 Nf5 26. Qf2 Nxd4 27. Qxd4 Bxb5 $19 {[%cal Rb4c5,Rc5g1]})
25... f6 $6 (25... Nxe4 26. Rb1 $1 Bd6 27. Bxc6 Qxc6 28. Rb6 $18) (25... Bxe4
$5) 26. Nxh4 (26. e5 Nf5 $132) 26... Nxe4 $2 (26... Qxf4 $5 27. Qxf4 Ne2+ 28.
Kh2 Nxf4 $132) 27. Qf3 {[%cal Rf3h5,Rh5e8]} Kf7 28. Rb1 $2 (28. Qh5+ Kg8 29.
Ng6 $40) 28... Bd2 29. Qh5+ $2 {Dieses Schach scheint natürlich, aber statt
dessen konnte Weiß einfach eine Figur gewinnen.} (29. Bxc6 Qxc6 30. Rb6 $18 {
[%csl Re4]}) 29... Kg8 $13 30. Ng6 Bxf4 {[%mdl 2048]} 31. Ne7+ (31. Qh8+ $2 Kf7
32. Qh5 Bh2+ $19) 31... Kf8 32. Ng6+ Kg8 1/2-1/2